000 00566nam a2200181Ia 4500
001 14134
005 20260306164852.0
008 260306t2013||||xx |||||||||||||| ||spa||
041 _aESP
082 _a507
_bI59
100 _aInstituto Peruano de Evaluación, Acreditación y Certificación de la Calidad de la Educación Básica
_eAUT
245 0 _aCompetencias científicas:
_b¿cómo abordar los estándares de aprendizaje de ciencias?
260 _c2013
300 _a105 páginas :
_c24 cm.
650 _aGEN
654 _aCCN
942 _cLIB
_dJUS
_fJUS
_2ddc
_n
999 _c14134
_d14134